| 000 | 01266nam a22003377a 4500 | ||
|---|---|---|---|
| 003 | CHAP | ||
| 005 | 20220329142214.0 | ||
| 008 | 000215d1999 mx r 00110 spa d | ||
| 010 | _a79887 | ||
| 011 | _a80859 | ||
| 035 | _a91313 | ||
| 040 | _cCHAP | ||
| 090 | _aTesis | ||
| 100 | 0 | 0 |
_aArce Espino, Consepcion. _96767 |
| 245 | 1 | 0 |
_aControl de la maleza de hoja ancha con dicamba en mezcla con triasulfuron, prosulfuron y 2,4-D en el cultivo de la cebada (Hordeun vulgare L.) _c/por Concepción Arce Espino |
| 260 |
_aChapingo, Méx. : _bEl autor, _c1999. |
||
| 300 |
_a41 h. : _bcuadros |
||
| 502 | _aTesis (Ing. Agr. Esp. en Parasitología Agrícola) -- UACH. Departamento de Parasitología Agrícola | ||
| 590 |
_aALEPH _b10 _c20130110 _lUCH01 _h1434 |
||
| 590 |
_aBATCH-UPD _b10 _c20130110 _lUCH01 _h0911 |
||
| 590 |
_aBATCH-UPD _b10 _c20130410 _lUCH01 _h0536 |
||
| 590 |
_aCONVERSION _b10 _c20130109 _lUCH01 _h1344 |
||
| 650 | 1 | 4 |
_aCebada _xMalas hierbas _xControl. _920693 |
| 650 | 1 | 4 |
_aHerbicidas. _953691 |
| 901 | _aBK | ||
| 905 | _aAlejandra Carrasco M. | ||
| 942 | _cFOLL | ||
| 949 |
_bBC _cTES _d33724000740809 _eTS2 _fc.2 _h34572 _i91313 _sb |
||
| 949 |
_bBC _cTES _d33724000761441 _eTS2 _fc.3 _h35752 _i91313 _sb |
||
| 949 |
_bBC _cTES _d913131 _eTS1 _h34571 _i91313 _sb |
||
| 999 |
_c79887 _d79887 |
||